| Tag |
First Indicator |
Second Indicator |
Subfields |
| LEADER |
00000cam a2200000 a 4500 |
| 001 |
in00002074621 |
| 005 |
20230809171151.9 |
| 008 |
050810s2005 waua b 101 0 eng d |
| 020 |
|
|
|z 081945734X
|
| 035 |
|
|
|a (OCoLC)ocm61241448
|
| 040 |
|
|
|a LHL
|c LHL
|d TXA
|d UtOrBLW
|
| 049 |
|
|
|a TXAM
|
| 090 |
|
|
|a QC446.15
|b .L37 2005
|
| 245 |
0 |
0 |
|a Laser physics and photonics, spectroscopy, and molecular modeling V :
|b Saratov Fall Meeting 2004 : 21-24 September 2004, Saratov, Russia /
|c Vladimir L. Derbov, Leonid A. Melnikov, Lev M. Babkov, chairs/editors ; organized by Chernyshevsky Saratov State University (Russia) [and others] ; cooperating organizations, Russian Academy of Natural Sciences, Saratov Regional Division (Russia) [and others] ; cosponsored by SPIE Russia Chapter [and others] ; published by SPIE--the International Society for Optical Engineering.
|
| 246 |
3 |
0 |
|a Laser physics and photonics, spectroscopy and molecular modeling five
|
| 246 |
3 |
|
|a Laser physics and photonics, spectroscopy and molecular modeling 5
|
| 246 |
3 |
0 |
|a Saratov Fall Meeting 2004
|
| 264 |
|
1 |
|a Bellingham, Washington :
|b SPIE,
|c [2005]
|
| 264 |
|
4 |
|c ©2005
|
| 300 |
|
|
|a xi, 216 pages :
|b illustrations ;
|c 28 cm.
|
| 336 |
|
|
|a text
|b txt
|2 rdacontent
|
| 337 |
|
|
|a unmediated
|b n
|2 rdamedia
|
| 338 |
|
|
|a volume
|b nc
|2 rdacarrier
|
| 490 |
1 |
|
|a Proceedings / SPIE--the International Society for Optical Engineering ;
|v v. 5773
|
| 500 |
|
|
|a At head of title: Saratov Fall Meeting 2004.
|
| 500 |
|
|
|a "... International School for Young Scientists and Students on Optics, Laser Physics, and Biophysics Saratov Fall Meting 2004)"--p. xi.
|
| 504 |
|
|
|a Includes bibliographical references and index.
|
| 650 |
|
0 |
|a Nonlinear optics
|v Congresses.
|
| 650 |
|
0 |
|a Quantum optics
|v Congresses.
|
| 650 |
|
0 |
|a Laser spectroscopy
|v Congresses.
|
| 650 |
|
0 |
|a Lasers
|v Congresses.
|
| 650 |
|
0 |
|a Molecules
|x Models
|v Congresses.
|
| 650 |
|
0 |
|a Lasers
|x Industrial applications
|v Congresses.
|
| 650 |
|
0 |
|a Lasers in biophysics
|v Congresses.
|
| 650 |
|
0 |
|a Light
|x Scattering
|v Congresses.
|
| 650 |
|
0 |
|a Coherence (Optics)
|v Congresses.
|
| 700 |
1 |
|
|a Derbov, Vladimir L.
|
| 700 |
1 |
|
|a Melnikov, Leonid A.
|
| 700 |
1 |
|
|a Babkov, L. M.
|q (Lev Mikhaĭlovich)
|
| 710 |
2 |
|
|a Saratovskiĭ gosudarstvennyĭ universitet im. N.G. Chernyshevskogo.
|
| 710 |
2 |
|
|a Rossiĭskai︠a︡ akademii︠a︡ estestvennykh nauk.
|b Saratovskoe regionalʹnoe otdelenie.
|
| 710 |
2 |
|
|a Society of Photo-optical Instrumentation Engineers.
|b Russian Chapter.
|
| 710 |
2 |
|
|a Society of Photo-optical Instrumentation Engineers.
|
| 711 |
2 |
|
|a Saratov Fall Meeting
|d (2004 :
|c Saratov, Russia)
|
| 830 |
|
0 |
|a Proceedings of SPIE--the International Society for Optical Engineering ;
|v v. 5773.
|
| 856 |
4 |
1 |
|u https://www.spiedigitallibrary.org/conference-proceedings-of-SPIE/5773.toc
|t 0
|
| 948 |
|
|
|a cataloged
|b h
|c 2005/9/14
|d c
|e dmitchel
|f 10:50:40 am
|
| 994 |
|
|
|a C0
|b TXA
|
| 999 |
|
|
|a MARS
|
| 999 |
f |
f |
|s 9b1f23e5-7fa1-3e59-b6b3-875413525df6
|i e35219bf-6a9e-3cef-b729-d2129e79186b
|t 0
|
| 952 |
f |
f |
|p ric
|a Texas A&M University
|b Rellis Campus
|c Joint Library Facility
|d Remote Storage
|t 0
|e QC446.15 .L37 2005
|h Library of Congress classification
|i unmediated -- volume
|m A14832963011
|
| 998 |
f |
f |
|a QC446.15 .L37 2005
|t 0
|l Remote Storage
|